[Event "12th American Continental"]
[Site "Medellin COL"]
[Date "2017.06.16"]
[Round "9.35"]
[White "Soto Gonzalez, Miguel Angel"]
[Black "Baules, Jorge"]
[Result "1/2-1/2"]
[WhiteElo "2072"]
[BlackElo "2355"]
[EventDate "2017.06.10"]
[PlyCount "47"]

1.e4 c6 2.d4 d5 3.exd5 cxd5 4.Bd3 Nc6 5.c3 Nf6 6.Ne2 Bg4 7.O-O e6 8.Qe1 
Bxe2 9.Qxe2 Bd6 10.Bg5 Qc7 11.g3 Nd7 12.Nd2 O-O 13.Rae1 Rfe8 14.Be3 e5 15.
dxe5 Ndxe5 16.f4 Nd7 17.Nb3 Nf6 18.Qf3 Re7 19.Bf2 Rae8 20.Rxe7 Rxe7 21.Rd1
Ne4 22.Bf1 Nf6 23.Bg2 Rd7 24.Qe2 1/2-1/2

[Event "12th American Continental"]
[Site "Medellin COL"]
[Date "2017.06.16"]
[Round "9.37"]
[White "Lopez Gonzalez, Abel Fabian"]
[Black "Avila Pavas, Santiago"]
[Result "1-0"]
[WhiteElo "2351"]
[BlackElo "2056"]
[EventDate "2017.06.10"]
[PlyCount "51"]

1.e4 c5 2.Nf3 g6 3.d4 cxd4 4.Nxd4 Nc6 5.Nc3 Bg7 6.Be3 Nf6 7.Nxc6 bxc6 8.e5
Nd5 9.Nxd5 cxd5 10.Qxd5 Rb8 11.Bc4 O-O 12.O-O-O Qc7 13.Bb3 Bxe5 14.Qc5 a5 
15.Rd5 Qxc5 16.Rxc5 Bxb2+ 17.Kxb2 a4 18.Rc7 axb3 19.cxb3 Re8 20.Ra7 Rb7 
21.Rc1 Rxa7 22.Bxa7 d5 23.b4 Bf5 24.b5 Rd8 25.b6 d4 26.b7 1-0

[Event "12th American Continental"]
[Site "Medellin COL"]
[Date "2017.06.16"]
[Round "9.38"]
[White "Palencia Morales, Wilson Guillermo"]
[Black "Henao, Bernardo Andres"]
[Result "1-0"]
[WhiteElo "2343"]
[BlackElo "2059"]
[EventDate "2017.06.10"]
[PlyCount "77"]

1.d4 Nf6 2.c4 e5 3.dxe5 Ng4 4.Bf4 Nc6 5.Nf3 Bb4+ 6.Nc3 Qe7 7.Qb3 Na5 8.Qc2
Nxc4 9.a3 Qc5 10.e3 Nxa3 11.Rxa3 Bxa3 12.bxa3 Qxa3 13.Bd3 Qa1+ 14.Nd1 Qa5+
15.Ke2 b6 16.h3 Nh6 17.Qc4 Bb7 18.e4 Bc6 19.Nc3 a6 20.Nd4 b5 21.Nxc6 Qb6 
22.Qa2 dxc6 23.Be3 Qb7 24.Bc5 a5 25.Qd2 O-O-O 26.Ra1 Rxd3 27.Qxd3 Rd8 28.
Qe3 b4 29.Rxa5 bxc3 30.Qxc3 Kd7 31.e6+ Kxe6 32.Qxg7 Qb1 33.Qxh6+ f6 34.Kf3
Qb3+ 35.Be3 Qd1+ 36.Kg3 Rg8+ 37.Kh2 Qf1 38.g4 Rb8 39.e5 1-0

[Event "12th American Continental"]
[Site "Medellin COL"]
[Date "2017.06.16"]
[Round "9.40"]
[White "Arenas Vanegas, David"]
[Black "Restrepo Loaiza, Luis Fernando"]
[Result "1-0"]
[WhiteElo "2488"]
[BlackElo "2167"]
[EventDate "2017.06.10"]
[PlyCount "60"]

1.e4 c5 2.Nf3 d6 3.d4 cxd4 4.Nxd4 Nf6 5.Nc3 a6 6.Be2 e5 7.Nb3 Be6 8.f4 Qc7
9.g4 exf4 10.g5 Nfd7 11.Bxf4 Ne5 12.Qd2 Nbd7 13.O-O-O Be7 14.Nd4 g6 15.h4 
Nb6 16.h5 Nbc4 17.Qe1 gxh5 18.b3 Ng6 19.Qg3 h4 20.Rxh4 Nce5 21.Nxe6 fxe6 
22.Bxe5 dxe5 23.Bh5 Rg8 24.Rh3 Rd8 25.Qg4 Rd6 26.Rxd6 Qxd6 27.Rd3 Qc6 28.
Kb2 b5 29.Qh4 Qc7 30.Qh3 Qc6 {(...)} 1-0

[Event "12th American Continental"]
[Site "Medellin COL"]
[Date "2017.06.16"]
[Round "9.41"]
[White "Madeira, Wagner Martins"]
[Black "Leiva Rodriguez, Giuseppe"]
[Result "0-1"]
[WhiteElo "2185"]
[BlackElo "2449"]
[EventDate "2017.06.10"]
[PlyCount "51"]

1.e4 c6 2.Nc3 d5 3.Nf3 g6 4.d4 Bg7 5.h3 Nh6 6.Be2 O-O 7.O-O dxe4 8.Nxe4 
Nf5 9.c3 Nd7 10.Bf4 Nb6 11.Re1 Nd5 12.Bd2 b6 13.Bf1 Bb7 14.g3 Qc7 15.Bg2 
Rad8 16.Qc2 c5 17.dxc5 bxc5 18.Rad1 c4 19.Bc1 Qa5 20.g4 Nd6 21.Nxd6 Rxd6 
22.Rxe7 Bc6 23.Qe2 Qd8 24.Rxa7 Re8 25.Be3 Qb8 26.Ra5 0-1

[Event "12th American Continental"]
[Site "Medellin COL"]
[Date "2017.06.16"]
[Round "9.45"]
[White "Arias Santana, Mauricio"]
[Black "Silva, Enmanuel"]
[Result "1-0"]
[WhiteElo "2292"]
[BlackElo "2119"]
[EventDate "2017.06.10"]
[PlyCount "31"]

1.d4 d5 2.Bf4 Nf6 3.e3 Nbd7 4.c3 g6 5.Nd2 Bg7 6.Ngf3 Nh5 7.Bg5 h6 8.Bh4 g5
9.Ng1 e5 10.Qxh5 gxh4 11.Ngf3 e4 12.Nxh4 O-O 13.Nf5 Nf6 14.Qh3 Kh7 15.f3 
Re8 16.fxe4 {(...)} 1-0

[Event "12th American Continental"]
[Site "Medellin COL"]
[Date "2017.06.16"]
[Round "9.48"]
[White "Mateus Urbano, Alejandro"]
[Black "Salcedo Perez, Pablo Esteban"]
[Result "1/2-1/2"]
[WhiteElo "2255"]
[BlackElo "2103"]
[EventDate "2017.06.10"]
[PlyCount "70"]

1.d4 d5 2.c4 e6 3.Nf3 Nf6 4.g3 c6 5.Qc2 Bd6 6.Bg2 Nbd7 7.O-O O-O 8.Nbd2 
Re8 9.e4 Nxe4 10.Nxe4 dxe4 11.Qxe4 e5 12.Bg5 f6 13.Bd2 exd4 14.Qxd4 Ne5 
15.Bf4 Nxf3+ 16.Bxf3 Bxf4 17.Qxf4 g5 18.Qc1 Qd3 19.Bh5 Bh3 20.Rd1 Qf5 21.
Qc3 Re5 22.Bf3 g4 23.Bh1 Re2 24.Qd4 Rae8 25.b4 Qe6 26.Qc3 Qe5 27.Qxe5 
R8xe5 28.Bg2 Bxg2 29.Kxg2 Rb2 30.Rd4 h5 31.a3 Ree2 32.Rf4 Kf7 33.Rd1 Rbd2 
34.Rxd2 Rxd2 35.h3 gxh3+ {(...)} 1/2-1/2

[Event "12th American Continental"]
[Site "Medellin COL"]
[Date "2017.06.16"]
[Round "9.49"]
[White "Ramirez Gonzalez, Mauricio"]
[Black "Brito, Luismar"]
[Result "1-0"]
[WhiteElo "2108"]
[BlackElo "2250"]
[EventDate "2017.06.10"]
[PlyCount "97"]

1.e4 c5 2.c3 d5 3.exd5 Qxd5 4.d4 Nc6 5.Nf3 Bg4 6.Be2 cxd4 7.cxd4 e6 8.O-O 
Nf6 9.Nc3 Qd6 10.Nb5 Qb8 11.Bg5 Nd5 12.Bc4 a6 13.Bxd5 axb5 14.Be4 Ra4 15.
b3 Bxf3 16.Bxf3 Ra6 17.d5 Ne5 18.Be2 Ra5 19.dxe6 fxe6 20.Bh5+ g6 21.Bf6 
Rg8 22.Re1 b4 23.f4 Rd5 24.Qe2 gxh5 25.Qxh5+ Rg6 26.f5 exf5 27.Qxf5 Be7 
28.Rxe5 Rxe5 29.Bxe5 Qa7+ 30.Kh1 Qc5 31.Rf1 Qd5 32.Qc8+ Bd8 33.Bg3 b5 34.
Qh3 h5 35.Re1+ Kf7 36.Be5 Kg8 37.Qf3 Qxf3 38.gxf3 Bb6 39.Bg3 Kf7 40.Re4 
Bc5 41.Kg2 Be7 42.Kh3 Ra6 43.Re2 Rc6 44.Be1 Ra6 45.Bh4 Bd6 46.Bg5 Kg6 47.
Kh4 Kf5 48.Rd2 Be5 49.Rd5 {(...)} 1-0

[Event "12th American Continental"]
[Site "Medellin COL"]
[Date "2017.06.16"]
[Round "9.57"]
[White "Franco Valencia, Angela Maria"]
[Black "Moran Reyes, Paulo"]
[Result "0-1"]
[WhiteElo "2286"]
[BlackElo "2129"]
[EventDate "2017.06.10"]
[PlyCount "44"]

1.e4 c5 2.Nf3 d6 3.d4 cxd4 4.Nxd4 Nf6 5.Nc3 Nc6 6.g3 g6 7.Nde2 Bg7 8.Bg2 
O-O 9.Be3 Rb8 10.a4 a6 11.O-O b5 12.axb5 axb5 13.Bg5 h6 14.Be3 Nd7 15.Nd4 
Nxd4 16.Bxd4 Ne5 17.Nd5 e6 18.Nb4 Bb7 19.f4 Nc4 20.b3 e5 21.Bf2 Nb6 22.Ra5
Nd5 {(...)} 0-1

[Event "12th American Continental"]
[Site "Medellin COL"]
[Date "2017.06.16"]
[Round "9.58"]
[White "Blandon Villa, Luis Guillermo"]
[Black "Chang, Suzana"]
[Result "1-0"]
[WhiteElo "2269"]
[BlackElo "2127"]
[EventDate "2017.06.10"]
[PlyCount "63"]

1.e4 c5 2.Nf3 e6 3.d4 cxd4 4.Nxd4 Nc6 5.Nc3 Qc7 6.Be2 a6 7.O-O Nf6 8.Be3 
Be7 9.f4 d6 10.Kh1 O-O 11.Qe1 Nxd4 12.Bxd4 b5 13.Qg3 Bb7 14.e5 Ne8 15.Bd3 
dxe5 16.Bxe5 Bd6 17.Ne4 Bxe5 18.fxe5 f5 19.Ng5 Qb6 20.Rf4 h6 21.Nf3 Nc7 
22.Qg6 Qe3 23.Rg4 Rf7 24.Nh4 fxg4 
    ( 24...Qxe5 25.Qxh6 )
25.Qh7+ Kf8 26.Ng6+ Ke8 27.Qg8+ Kd7 28.Qxf7+ Kc8 29.Qf8+ Kd7 30.Qd6+ Kc8 
31.Ne7+ Kb8 32.Qd8+ 1-0

[Event "12th American Continental"]
[Site "Medellin COL"]
[Date "2017.06.16"]
[Round "9.59"]
[White "Romero Barreto, Jaime Jose"]
[Black "Puppi Lazo, Jorge Luis"]
[Result "1-0"]
[WhiteElo "2266"]
[BlackElo "2120"]
[EventDate "2017.06.10"]
[PlyCount "63"]

1.e4 c5 2.Nf3 e6 3.c3 Nf6 4.e5 Nd5 5.g3 Nc6 6.Bg2 Be7 7.O-O O-O 8.Na3 Qc7 
9.Re1 a6 10.Nc2 b5 11.d4 cxd4 12.Ncxd4 h6 13.Nf5 Bd8 14.Nxh6+ gxh6 15.Bxh6
Re8 16.Ng5 Nxe5 17.Nxf7 Kxf7 18.Qh5+ Ng6 19.Bxd5 Rb8 20.Be4 Rg8 21.Re3 Bf6
22.Rf3 Ke7 23.Bxg6 Qe5 24.Qxe5 Bxe5 25.Rf7+ Kd6 26.Bh7 Rh8 27.f4 Bf6 28.g4
Bb7 29.g5 Bd8 30.Bg7 Bb6+ 31.Kf1 Rxh7 32.Be5+ {(...)} 1-0

[Event "12th American Continental"]
[Site "Medellin COL"]
[Date "2017.06.16"]
[Round "9.60"]
[White "Vittorino Ocampo, Carlo Giovanni"]
[Black "Pardo Agudelo, Alejandro"]
[Result "1-0"]
[WhiteElo "2257"]
[BlackElo "2117"]
[EventDate "2017.06.10"]
[PlyCount "89"]

1.d4 Nf6 2.c4 e6 3.Nc3 d5 4.cxd5 exd5 5.Bg5 Be7 6.e3 O-O 7.Qc2 Nbd7 8.Bd3 
b6 9.Nf3 Bb7 10.Ne5 h6 11.Bf4 a6 12.O-O c5 13.dxc5 Nxc5 14.Bf5 Ncd7 15.
Rfd1 Nxe5 16.Bxe5 Nd7 17.Bc7 Qxc7 18.Nxd5 Qxc2 19.Nxe7+ Kh8 20.Bxc2 Nf6 
21.Nf5 Rad8 22.Bb3 Bd5 23.Bxd5 Rxd5 24.Rxd5 Nxd5 25.Rc1 Rd8 26.g3 Nf6 27.
Nd4 Kg8 28.a3 a5 29.Nf5 Kf8 30.Kf1 h5 31.Ke2 Nd5 32.Rc6 g6 33.Rd6 Rxd6 34.
Nxd6 Ke7 35.Nc4 f5 36.f3 g5 37.h4 gxh4 38.gxh4 b5 39.Nxa5 f4 40.e4 Ne3 41.
Nc6+ Kf6 42.Nd4 Ke5 43.Nxb5 Ng2 44.a4 Ke6 45.Nd4+ 1-0

[Event "12th American Continental"]
[Site "Medellin COL"]
[Date "2017.06.16"]
[Round "9.62"]
[White "Solano Cuya, Bryan"]
[Black "Benavides Montenegro, Maicol"]
[Result "1-0"]
[WhiteElo "2246"]
[BlackElo "2090"]
[EventDate "2017.06.10"]
[PlyCount "43"]

1.d4 Nf6 2.c4 c5 3.d5 b5 4.cxb5 a6 5.b6 d6 6.Nc3 Nbd7 7.a4 Qxb6 8.a5 Qc7 
9.e4 e6 10.Nf3 exd5 11.exd5 Be7 12.Bc4 O-O 13.O-O Re8 14.Re1 Bb7 15.h3 Bf8
16.Bf4 Rxe1+ 17.Qxe1 Re8 18.Qf1 Ne4 19.Bxa6 Nxc3 20.bxc3 Bxd5 21.Bc4 Nf6 
22.Bxd5 {(...)} 1-0

[Event "12th American Continental"]
[Site "Medellin COL"]
[Date "2017.06.16"]
[Round "9.63"]
[White "Pazos Gambarrotti, Plinio"]
[Black "Alvarez Zuluaga, Alvaro"]
[Result "1-0"]
[WhiteElo "2232"]
[BlackElo "2077"]
[EventDate "2017.06.10"]
[PlyCount "71"]

1.d4 Nf6 2.c4 e6 3.Nf3 Bb4+ 4.Bd2 Bxd2+ 5.Qxd2 Ne4 6.Qc2 d5 7.e3 O-O 8.Nc3
Nxc3 9.bxc3 c6 10.Bd3 f5 11.O-O g5 12.Ne5 Nd7 13.f4 Nxe5 14.fxe5 g4 15.
cxd5 cxd5 16.c4 Qg5 17.Rf4 Bd7 18.cxd5 exd5 19.Raf1 Rac8 20.Qb3 Be6 21.
Qxb7 Rc3 22.Qb1 Rc7 23.Qb4 Rcf7 24.Qd6 Qg6 25.Bc2 Rc8 26.Bb3 Rd7 27.Qa6 
Rc3 28.Qe2 Rdc7 29.Qf2 h6 30.Qh4 Qg5 31.Qxg5+ hxg5 32.Rxf5 Bxf5 33.Rxf5 
Rxe3 34.Rxg5+ Kf8 35.Rxg4 Rd3 36.h4 {(...)} 1-0

[Event "12th American Continental"]
[Site "Medellin COL"]
[Date "2017.06.16"]
[Round "9.64"]
[White "Markzon, Gregory"]
[Black "Zapata Hincapie, Jhon Alexander"]
[Result "1/2-1/2"]
[WhiteElo "2222"]
[BlackElo "2055"]
[EventDate "2017.06.10"]
[PlyCount "60"]

1.e4 c5 2.Nf3 e6 3.d3 d5 4.Nbd2 Nc6 5.g3 Bd6 6.Bg2 Nge7 7.O-O O-O 8.Re1 f6
9.h4 Qc7 10.Nf1 Bd7 11.exd5 Nxd5 12.c4 Nde7 13.b3 Nf5 14.Bb2 Rad8 15.Qe2 
e5 16.Ne3 Nxe3 17.Qxe3 Nd4 18.Bxd4 exd4 19.Qd2 h6 20.Nh2 f5 21.Bd5+ Kh8 
22.f4 g5 23.hxg5 hxg5 24.fxg5 Rde8 25.Qg2 Kg7 26.Nf1 b6 27.Qf3 Kg6 28.Kg2 
Be7 29.Re2 Bxg5 30.Rae1 Qd6 1/2-1/2

[Event "12th American Continental"]
[Site "Medellin COL"]
[Date "2017.06.16"]
[Round "9.65"]
[White "Harper, Ryan"]
[Black "Florez, Carlos Julio"]
[Result "1-0"]
[WhiteElo "2209"]
[BlackElo "2039"]
[EventDate "2017.06.10"]
[PlyCount "67"]

1.e4 c5 2.Nc3 a6 3.Nf3 Nc6 4.d4 cxd4 5.Nxd4 d6 6.Be3 Nf6 7.Be2 g6 8.Nd5 
Bg7 9.Nxc6 bxc6 10.Bb6 Qd7 11.Nc7+ Kf8 12.Nxa8 Qb7 13.Bd4 Qxa8 14.f3 Qb8 
15.O-O e5 16.Be3 d5 17.exd5 cxd5 18.f4 e4 19.c4 Be6 20.Rc1 h5 21.cxd5 Nxd5
22.Bc5+ Kg8 23.Bc4 Nxf4 24.Bxe6 Nxe6 25.Kh1 Bxb2 26.Qd7 Kh7 27.Rxf7+ Ng7 
28.Bd4 Bxd4 29.Qxd4 Rg8 30.h3 Kh6 31.Rcc7 Nf5 32.Qf6 Rh8 33.h4 Qd8 34.Qxd8
1-0

[Event "12th American Continental"]
[Site "Medellin COL"]
[Date "2017.06.16"]
[Round "9.68"]
[White "Montilla Reyes, Jorcerys"]
[Black "Gomez Barrero, Sergio"]
[Result "1-0"]
[WhiteElo "2161"]
[BlackElo "2023"]
[EventDate "2017.06.10"]
[PlyCount "69"]

1.d4 Nf6 2.c4 c5 3.d5 b5 4.cxb5 a6 5.Nc3 axb5 6.Nxb5 Ba6 7.Nc3 g6 8.e4 
Bxf1 9.Kxf1 d6 10.g3 h5 11.h4 Bg7 12.Kg2 Nbd7 13.Nf3 O-O 14.Re1 Ng4 15.Qe2
Qa5 16.Bd2 Qb6 17.b3 c4 18.bxc4 f5 19.Rab1 Qa7 20.Nb5 Qxa2 21.exf5 Rxf5 
22.Bf4 Nde5 23.Nbd4 Nxf3 24.Nxf3 Be5 25.Rb8+ Kg7 26.Rxa8 Qxa8 27.Ng5 Nf6 
28.Bc1 Ng8 29.Bb2 Bxb2 30.Qxb2+ e5 31.Qb6 Kh6 32.Qc7 Rxg5 33.hxg5+ Kxg5 
34.Qxd6 Nh6 35.f4+ 1-0

[Event "12th American Continental"]
[Site "Medellin COL"]
[Date "2017.06.16"]
[Round "9.70"]
[White "Valle Pinto, Efrain"]
[Black "Abril Guiza, Mauricio"]
[Result "1-0"]
[WhiteElo "2155"]
[BlackElo "2020"]
[EventDate "2017.06.10"]
[PlyCount "69"]

1.Nf3 c5 2.g3 Nf6 3.Bg2 e6 4.O-O d5 5.d3 Nc6 6.Nbd2 Be7 7.e4 b6 8.exd5 
exd5 9.Re1 O-O 10.Nf1 Bb7 
    ( 10...Bd7 11.Nh4 Re8 12.Nf5 Bf8 13.Bg5 Rxe1 14.Qxe1 h6 15.Bd2 d4 16.
    h3 )
11.Nh4 Re8 12.Nf5 Bf8 13.Bg5 Rxe1 14.Qxe1 h6 15.Bd2 d4 16.h3 Qd7 17.g4 Re8
18.Qd1 Ne7 19.N1g3 Bxg2 20.Kxg2 Qd5+ 21.Qf3 Nxf5 22.Nxf5 Kh7 23.Qxd5 Nxd5 
24.Kf3 g6 25.Ng3 Bd6 26.Ne4 Be5 27.Re1 Kg7 28.Nd6 Re6 29.Nc4 Bc7 30.Rxe6 
fxe6 31.a4 h5 32.g5 Kf7 33.Ke4 Ke7 34.b4 cxb4 35.Kxd4 {(...)} 1-0

[Event "12th American Continental"]
[Site "Medellin COL"]
[Date "2017.06.16"]
[Round "9.71"]
[White "Garcia Alarcon, Alvaro"]
[Black "Rodriguez Cortes, Giovanni"]
[Result "1-0"]
[WhiteElo "2152"]
[BlackElo "1772"]
[EventDate "2017.06.10"]
[PlyCount "33"]

1.d4 d5 2.Nf3 Nf6 3.e3 Bf5 4.c4 Nbd7 5.Qb3 Rb8 6.cxd5 Nb6 7.Bb5+ Bd7 8.Ne5
Bxb5 9.Qxb5+ Nfd7 10.Nc3 a6 11.Qb3 Nxe5 12.dxe5 c6 13.e4 Nd7 14.f4 g5 15.
e6 fxe6 16.dxc6 Nc5 17.Qc4 {(...)} 1-0

[Event "12th American Continental"]
[Site "Medellin COL"]
[Date "2017.06.16"]
[Round "9.72"]
[White "Robledo Legarda, Andres Mauricio"]
[Black "Benitez Rodriguez, Carlos"]
[Result "1-0"]
[WhiteElo "1942"]
[BlackElo "2144"]
[EventDate "2017.06.10"]
[PlyCount "36"]

1.d4 Nf6 2.Nf3 d6 3.Bg5 Ne4 4.Bh4 g6 5.Nbd2 Nxd2 6.Qxd2 Bg7 7.e4 Nd7 8.Bd3
O-O 9.O-O a6 10.a4 Qe8 11.e5 dxe5 12.dxe5 Nxe5 13.Nxe5 Bxe5 14.Rfe1 Bxb2 
15.Rab1 Qxa4 16.Bxe7 Re8 17.Rxb2 Rxe7 18.Rxe7 Qa1+ {(...)} 1-0

[Event "12th American Continental"]
[Site "Medellin COL"]
[Date "2017.06.16"]
[Round "9.73"]
[White "Londono Lopez, Donaldo"]
[Black "Rodriguez Rivera, Pedro"]
[Result "0-1"]
[WhiteElo "1578"]
[BlackElo "2228"]
[EventDate "2017.06.10"]
[PlyCount "72"]

1.e4 g6 2.d4 Bg7 3.Nf3 c6 4.Nc3 d5 5.Be2 dxe4 6.Nxe4 Nd7 7.O-O Ngf6 8.
Nxf6+ Nxf6 9.Re1 O-O 10.c3 Bg4 11.h3 Bxf3 12.Bxf3 Qc7 13.Bg5 Rfe8 14.Qb3 
e6 15.Bxf6 Bxf6 16.Re2 Qb6 17.Rae1 Qxb3 18.axb3 Red8 19.Be4 Rd7 20.f4 Rc8 
21.Bc2 c5 22.dxc5 Rxc5 23.Rd1 Rxd1+ 24.Bxd1 Ra5 25.Bc2 Ra2 26.Bd3 Kf8 27.
b4 Ke7 28.Kf2 Kd6 29.Bc4 Ra1 30.Rd2+ Ke7 31.Bb5 a6 32.Rd7+ Kf8 33.Bc4 b6 
34.Bb3 Rb1 35.Rd2 Bxc3 36.bxc3 Rxb3 0-1

[Event "12th American Continental"]
[Site "Medellin COL"]
[Date "2017.06.16"]
[Round "9.74"]
[White "Hernandez Montes, Jhon Sebastian"]
[Black "Vasquez Garrido, Nuremberg"]
[Result "1-0"]
[WhiteElo "2292"]
[BlackElo "1987"]
[EventDate "2017.06.10"]
[PlyCount "23"]

1.e4 e5 2.Nf3 Nc6 3.Bb5 f5 4.d3 d6 5.Nc3 Be7 6.d4 exd4 7.Nxd4 Bd7 8.Nxf5 
Bxf5 9.exf5 Nf6 10.Bc4 Ne5 11.Be6 c6 12.Qe2 {(...)} 1-0

[Event "12th American Continental"]
[Site "Medellin COL"]
[Date "2017.06.16"]
[Round "9.76"]
[White "Pachon, Adriana"]
[Black "Brizuela Abreu, Reivis Gabriel"]
[Result "0-1"]
[WhiteElo "2006"]
[BlackElo "2219"]
[EventDate "2017.06.10"]
[PlyCount "38"]

1.b3 d5 2.e3 e5 3.Bb2 Bd6 4.c4 c6 5.Nf3 Qe7 6.Be2 Nf6 7.O-O O-O 8.Nc3 a6 
9.d3 Rd8 10.Na4 e4 11.Nd4 c5 12.Nb6 cxd4 13.Nxa8 dxc4 14.bxc4 dxe3 15.f3 
exd3 16.Bxd3 Bc5 17.Bxf6 e2+ 18.Kh1 exf1=Q+ 19.Qxf1 Qxf6 0-1

[Event "12th American Continental"]
[Site "Medellin COL"]
[Date "2017.06.16"]
[Round "9.78"]
[White "Castaneda, Jhon David"]
[Black "Holliman, Bob"]
[Result "1-0"]
[WhiteElo "2195"]
[BlackElo "1898"]
[EventDate "2017.06.10"]
[PlyCount "117"]

1.d4 d5 2.Nf3 c6 3.c4 Nf6 4.Nc3 dxc4 5.a4 Bf5 6.e3 e6 7.Bxc4 Bb4 8.O-O O-O
9.Qe2 Nbd7 10.e4 Bg6 11.e5 Nd5 12.Nxd5 cxd5 13.Bd3 Qa5 14.Ng5 Rfe8 15.Bb5 
Re7 16.h4 h6 17.h5 Bh7 18.Nxh7 Kxh7 19.Bd3+ Kh8 20.Bf4 Ree8 21.Bb1 Rec8 
22.Qe3 Qd8 23.g3 Qe7 24.Bxh6 Rc6 25.Bg5 f6 26.Qd3 Nf8 27.Bh4 Qf7 28.exf6 
gxf6 29.Qf3 Be7 30.Bg5 Rc4 31.Be3 Rac8 32.Kg2 Rb4 33.Ra2 Rcc4 34.Qd1 Qe8 
35.Bd3 Rxd4 36.Bxd4 Rxd4 37.Bb5 Rxd1 38.Bxe8 Rd2 39.Raa1 Bc5 40.Rac1 b6 
41.b4 Bxb4 42.Rc7 a5 43.Kh3 e5 44.Kg4 Bc5 45.Kf5 Bxf2 46.Rf7 Bc5 47.Rxf6 
e4 48.Kg4 Nh7 49.Rh6 Kg7 50.Rg6+ Kh8 51.Re6 Nf8 52.Rc6 e3 53.Rxc5 e2 54.
Rxf8+ Kg7 55.Rf7+ Kg8 56.Re7 bxc5 57.Bg6 Kf8 58.Re8+ Kg7 59.Kg5 1-0

[Event "12th American Continental"]
[Site "Medellin COL"]
[Date "2017.06.16"]
[Round "9.79"]
[White "Toro Castaneda, Elizabeth"]
[Black "Montenegro Mancera, Juan Rolando"]
[Result "1/2-1/2"]
[WhiteElo "1953"]
[BlackElo "2146"]
[EventDate "2017.06.10"]
[PlyCount "57"]

1.e4 e6 2.d4 d5 3.Nc3 Nf6 4.e5 Nfd7 5.f4 c5 6.Nf3 Nc6 7.Be3 cxd4 8.Nxd4 
Bc5 9.Qd2 a6 10.Nb3 Bxe3 11.Qxe3 O-O 12.O-O-O b5 13.Bd3 b4 14.Na4 a5 15.
Qh3 f5 16.g4 Ba6 17.gxf5 Bxd3 18.Rxd3 Rxf5 19.Rg1 Qe7 20.Rdg3 Raf8 21.
Rxg7+ Qxg7 22.Rxg7+ Kxg7 23.Nac5 Nxc5 24.Nxc5 Nd4 25.Kd2 Rxf4 26.Nxe6+ 
Nxe6 27.Qxe6 Rd4+ 28.Ke3 Re4+ 29.Kd3 {(...)} 1/2-1/2

[Event "12th American Continental"]
[Site "Medellin COL"]
[Date "2017.06.16"]
[Round "9.85"]
[White "Fuentes Godoy, Lilia Ivonne"]
[Black "Varela Garcia, Maria De Los Angeles"]
[Result "1-0"]
[WhiteElo "2088"]
[BlackElo "1717"]
[EventDate "2017.06.10"]
[PlyCount "53"]

1.d4 Nf6 2.c4 g6 3.d5 d6 4.Nc3 Bg7 5.e4 O-O 6.Be2 Nbd7 7.Be3 c5 8.g4 Qa5 
9.Qd2 Nb6 10.f3 e6 11.h4 exd5 12.cxd5 h5 13.g5 Nfd7 14.Nb5 Qxd2+ 15.Kxd2 
Bxb2 16.Rb1 Bg7 17.Nxd6 Rd8 18.Rc1 Bf8 19.Nb5 a6 20.Na3 Na4 21.Bd1 Ndb6 
22.Nh3 Rb8 23.Nf2 Na8 24.Bf4 Bg7 25.Nd3 b5 26.Bxb8 Bb7 27.Bf4 1-0

[Event "12th American Continental"]
[Site "Medellin COL"]
[Date "2017.06.16"]
[Round "9.87"]
[White "Okamura, Milton Kasuo"]
[Black "Gomez Vasquez, Laura Sofia"]
[Result "1-0"]
[WhiteElo "2085"]
[BlackElo "1504"]
[EventDate "2017.06.10"]
[PlyCount "59"]

1.d4 d5 2.c4 c6 3.Nf3 Nf6 4.Nc3 dxc4 5.a4 Bf5 6.Ne5 Nbd7 7.Nxc4 Qc7 8.f3 
e5 9.e4 exd4 10.Ne2 Bg6 11.Bf4 Bb4+ 12.Kf2 Qd8 13.Bd6 c5 14.Nxd4 Rc8 15.a5
cxd4 16.Bxb4 Nc5 17.e5 Nd5 18.Nd6+ Kf8 19.Ba3 d3 20.Nxc8 Nb4 21.Nd6 Qh4+ 
22.g3 Qd4+ 23.Kg2 Nd5 24.Bxc5 Ne3+ 25.Kh3 Qxc5 26.Qc1 Qxe5 27.Ra4 Qh5+ 28.
Rh4 Qxf3 29.Qc5 f6 30.Nf5+ 1-0

[Event "12th American Continental"]
[Site "Medellin COL"]
[Date "2017.06.16"]
[Round "9.88"]
[White "Morera Campos, Yanori Maria"]
[Black "Gonzalez Rodriguez, Eleicer"]
[Result "0-1"]
[WhiteElo "1882"]
[BlackElo "2078"]
[EventDate "2017.06.10"]
[PlyCount "122"]

1.e4 c5 2.Nf3 e6 3.d4 cxd4 4.Nxd4 a6 5.Bd3 Nc6 6.Nxc6 bxc6 7.Nc3 d5 8.O-O 
Nf6 9.Re1 Be7 10.Qf3 O-O 11.Bf4 Nd7 12.Qg3 Bh4 13.Qf3 e5 14.Bg3 d4 15.Na4 
Bf6 16.c3 c5 17.cxd4 cxd4 18.Rac1 Bb7 19.Qe2 Qa5 20.b3 Rac8 21.f4 g6 22.
Red1 exf4 23.Bxf4 Ne5 24.Bd2 Qd8 25.Nc5 Ba8 26.Bxa6 Rxc5 27.Rxc5 d3 28.
Bxd3 Qxd3 29.Qxd3 Nxd3 30.Rc7 Bxe4 31.Bh6 Bg7 32.Bxg7 Kxg7 33.Re7 Nc5 34.
Rd4 Bf5 35.Rc4 Ne6 36.a4 Kf6 37.Ra7 Rd8 38.Rc1 Rd2 39.h3 Nf4 40.Rf1 Ne2+ 
41.Kh2 Nd4 42.Kh1 Kg7 43.b4 Be6 44.Kg1 Bd5 45.Rf2 Rd1+ 46.Kh2 h5 47.Rd7 
Be6 48.Rc7 h4 49.b5 Rb1 50.Rc5 Nf5 51.Rfc2 Ne3 52.Rc1 Rb2 53.Rg1 Bd5 54.a5
Bxg2 55.Rxg2 Rxg2+ 56.Kh1 Rb2 57.a6 Ra2 58.Rc3 Nd5 59.Rc5 Nb4 60.Rc4 Nxa6 
61.bxa6 Rxa6 0-1

[Event "12th American Continental"]
[Site "Medellin COL"]
[Date "2017.06.16"]
[Round "9.91"]
[White "Sarmiento Mojica, Carolina"]
[Black "Buitrago Grajales, Juan Carlos"]
[Result "0-1"]
[WhiteElo "1618"]
[BlackElo "2035"]
[EventDate "2017.06.10"]
[PlyCount "79"]

1.e4 e5 2.Nf3 Nc6 3.Bc4 Bc5 4.O-O Nf6 5.c3 Nxe4 6.d4 d5 7.Bb5 exd4 8.cxd4 
Bd6 9.Nc3 Nxc3 10.bxc3 O-O 11.Re1 Bg4 12.Bd3 Qf6 13.Bg5 Qxg5 14.Nxg5 Bxd1 
15.Raxd1 g6 16.Rb1 b6 17.Re2 Na5 18.g3 Rae8 19.Rbe1 Rxe2 20.Rxe2 Rd8 21.
Kg2 c6 22.f4 h6 23.Nf3 Kg7 24.h4 Nc4 25.f5 gxf5 26.Bxf5 b5 27.Bd3 Kf8 28.
h5 Re8 29.Bxc4 bxc4 30.Rxe8+ Kxe8 31.Ng1 c5 32.Ne2 Kd7 33.Kf3 cxd4 34.cxd4
f5 35.Nf4 Bxf4 36.gxf4 Kc6 37.Ke3 Kb5 38.Kd2 Kb4 39.Kc2 Ka3 40.Kc1 {(...)}
0-1

[Event "12th American Continental"]
[Site "Medellin COL"]
[Date "2017.06.16"]
[Round "9.93"]
[White "Echavarria, Gustavo"]
[Black "Escobar Medina, Andres"]
[Result "0-1"]
[WhiteElo "1902"]
[BlackElo "2343"]
[EventDate "2017.06.10"]
[PlyCount "76"]

1.d4 g6 2.e4 Bg7 3.Nf3 d6 4.Bc4 Nf6 5.Nbd2 O-O 6.c3 c5 7.dxc5 dxc5 8.O-O 
e6 9.Qe2 Nc6 10.Nb3 Qc7 11.Bg5 b6 12.Rad1 Bb7 13.Nbd2 h6 14.Be3 Rad8 15.
Rfe1 Nh5 16.h3 Kh7 17.Bd3 Nf4 18.Bxf4 Qxf4 19.g3 Qc7 20.Nf1 Rd7 21.Bc2 
Rfd8 22.Ne3 Ne5 23.Nxe5 Qxe5 24.Rxd7 Rxd7 25.Rd1 Rxd1+ 26.Qxd1 Bxe4 27.
Bxe4 Qxe4 28.Qd7 Qb1+ 29.Kg2 Qxb2 30.Qxf7 Qxa2 31.Ng4 Qd5+ 32.Kh2 Qf5 33.
Qxa7 h5 34.Ne3 Qxf2+ 35.Ng2 Kh6 36.Qb8 Bxc3 37.h4 Bd4 38.Kh3 Qf1 {(... )} 
0-1

[Event "12th American Continental"]
[Site "Medellin COL"]
[Date "2017.06.16"]
[Round "9.96"]
[White "Descarrega Zacarias, Vanessa"]
[Black "Munoz Monroy, Cinthya Carolina"]
[Result "0-1"]
[WhiteElo "1883"]
[BlackElo "2002"]
[EventDate "2017.06.10"]
[PlyCount "44"]

1.e4 d5 2.exd5 Qxd5 3.Nc3 Qa5 4.d4 Nf6 5.Bd2 Bg4 6.Be2 Bxe2 7.Ngxe2 Nc6 8.
a3 O-O-O 9.b4 Qh5 10.Be3 e5 11.b5 Nxd4 12.Bxd4 exd4 13.Nxd4 Qe5+ 14.Nce2 
Bc5 15.c3 Ne4 16.Qc2 Nxc3 17.f4 Qe3 18.Qf5+ Rd7 19.Qxc5 Nxe2 20.Nb3 Nd4+ 
21.Kf1 Qxf4+ 22.Kg1 Ne2# 0-1